Greek science : (Record no. 130772)

MARC details
000 -LEADER
fixed length control field 00670nam a22002297a 4500
005 - DATE AND TIME OF LATEST TRANSACTION
control field 20170124110116.0
010 ## - LIBRARY OF CONGRESS CONTROL NUMBER
LC control number TA-001921
020 ## - INTERNATIONAL STANDARD BOOK NUMBER
Terms of availability 00.00
035 ## - SYSTEM CONTROL NUMBER
System control number TA-001921
037 ## - SOURCE OF ACQUISITION
Source of stock number/acquisition Cen Lib/Ret
040 ## - CATALOGING SOURCE
Original cataloging agency DPL
Language of cataloging EN
082 ## - DEWEY DECIMAL CLASSIFICATION NUMBER
Classification number 938
Item number FAR
100 ## - MAIN ENTRY--PERSONAL NAME
Personal name Farrington, Benjamin
9 (RLIN) 30072
245 ## - TITLE STATEMENT
Title Greek science :
Statement of responsibility, etc by Benjamin Farrington
Remainder of title its meaning for us /
260 ## - PUBLICATION, DISTRIBUTION, ETC. (IMPRINT)
Place of publication, distribution, etc Baltimore
Name of publisher, distributor, etc Penguin Books
Date of publication, distribution, etc 1961
270 ## - ADDRESS
Address 3300 Cliper Mill Road
City Baltimore II
300 ## - PHYSICAL DESCRIPTION
Extent 320p.
Dimensions 17cm(Hb)
500 ## - GENERAL NOTE
General note Includes index
650 ## - SUBJECT ADDED ENTRY--TOPICAL TERM
Topical term or geographic name as entry element Science -- Greece
9 (RLIN) 30073
650 ## - SUBJECT ADDED ENTRY--TOPICAL TERM
Topical term or geographic name as entry element Science -- Greece -- History
9 (RLIN) 30074
942 ## - ADDED ENTRY ELEMENTS (KOHA)
Source of classification or shelving scheme Dewey Decimal Classification
Koha item type English Books
Classification part 938
Call number suffix FAR
Holdings
Withdrawn status Lost status Damaged status Not for loan Home library Current library Date acquired Source of acquisition Cost, normal purchase price Total Checkouts Full call number Barcode Date last seen Date checked out Copy number Cost, replacement price Price effective from Koha item type
        Central Library Central Library 10/07/2015 Cen Lib/Ret 0.00 3 938 FAR TA-001921 03/10/2024 18/09/2024 1 0.00 15/09/2016 English Books

© Delhi Public Library
Hit Counter
free hit counter